Normal view
MARC view
- Rachelefsky, Gary
Entry Personal Name
001 - CONTROL NUMBER
- control field: 9617
003 - CONTROL NUMBER IDENTIFIER
- control field: NUST
005 - DATE AND TIME OF LATEST TRANSACTION
- control field: 20180123152009.0
008 - FIXED-LENGTH DATA ELEMENTS
- fixed length control field: 180123|| aca||aabn | a|a d
040 ## - CATALOGING SOURCE
- Original cataloging agency: NUST
- Transcribing agency: NUST
100 ## - HEADING--PERSONAL NAME
- Personal name: Rachelefsky, Gary
670 ## - SOURCE DATA FOUND
- Source citation: Work cat.: (NUST)321846: Rachelefsky, Gary, Free Your Child from Asthma, 2007
